Dějiny Evropy Evropa pozdního středověku 1300-1500
Salvato in:
| Autore principale: | |
|---|---|
| Natura: | Libro |
| Lingua: | ceco |
| Pubblicazione: |
Praha
Vyšehrad
2010
|
| Soggetti: | |
| Tags: |
Nessun Tag, puoi essere il primo ad aggiungerne!!
|
MARC
| LEADER | 00000nam a2200000 4500 | ||
|---|---|---|---|
| 001 | 0145088 | ||
| 005 | 20230109114444.6 | ||
| 020 | |a 978-80-7021-986-7 | ||
| 041 | 0 | |a cze | |
| 044 | |a CZ | ||
| 245 | 1 | 0 | |a Dějiny Evropy |b Evropa pozdního středověku 1300-1500 |c Denis Hay |
| 264 | 1 | |a Praha |b Vyšehrad |c 2010 | |
| 300 | |a 412 s. | ||
| 610 | 2 | 0 | |a dejiny |
| 610 | 2 | 0 | |a história |
| 610 | 2 | 0 | |a Európa |
| 610 | 2 | 0 | |a politika |
| 610 | 2 | 0 | |a vývoj politický |
| 610 | 2 | 0 | |a vývoj spoločenský |
| 100 | 1 | |a Hay, Denis | |